Business History Review

Salvato in:
Dettagli Bibliografici
Natura: Periodico
Lingua:inglese
Pubblicazione: Boston Harvard Business School
Soggetti:
Tags: Aggiungi Tag
Nessun Tag, puoi essere il primo ad aggiungerne!!

MARC

LEADER 00000nas1a22000001 4500
001 s120095
005 20250701092117.7
022 |a 0007-6805 
022 |a 2044-768X 
041 0 |a eng 
044 |a US 
245 1 0 |a Business History Review 
264 1 |a Boston  |b Harvard Business School 
610 2 0 |a obchod 
610 2 0 |a podnikanie 
610 2 0 |a dejiny hospodárske 
610 2 0 |a manažment